000 00496nam a2200181Ia 4500
999 _c27310
_d27310
003 OSt
005 20201201114055.0
008 190216s9999||||xx |||||||||||||| ||und||
020 _a8171306586
040 _coclc
082 _a894.8123
_bNIR/B
100 _aNiranjana
_97089
245 0 _aBanasankari /
_cNiranjana
260 _bD C Books Kerala,
_c1996.
_aKottayam:
300 _a211p
650 _aMalayalam Novel
942 _cBK
_2ddc
_h894.8123
_iNIR/B
_k894.8123
_mNIR/B